000 01143nam a22001577a 4500
999 _c525734
_d525734
008 240408b ||||| |||| 00| 0 eng d
100 _aRanade, A.M., Singh, D.P. and Kumar, S.
_951602
245 _aInnovations in traffic management case study of Santragachi railway over bridge Kona expressway West Bengal
260 _aThe Indian Police Journal
300 _a69(3), Jul-Sep, 2022: p. 97-107
520 _aThis paper attempts to provide a workable field-tested system for all congestion prone road stretches in the world where wide road changes into narrower roads. This scenario is faced by large number of traffic officers where there is a similar structural issue on road e.g. wide road meeting a narrow bridge, narrow stretches of road with installations like religious buildings, historical places etc. – Reproduced
650 _aWorkable field-tested system, Congestion prone road stretches, Wide road, Narrower roads, Traffic officers, Structural issue, Road, Narrow bridge, Narrow stretches, Religious buildings, Historical places.
_951603
773 _aThe Indian Police Journal
906 _aROADWAYS
942 _cAR